[Event "Sterlitamak Rochinskiy op"]
[Site "Sterlitamak"]
[Date "2012.06.29"]
[Round "8"]
[White "Schelokov, Valery"]
[Black "Lukianova, Anastasia"]
[Result "1/2-1/2"]
[WhiteElo "2037"]
[BlackElo "1676"]
[PlyCount "79"]
[EventDate "2012.06.22"]
[EventType "swiss"]
[EventRounds "9"]
[EventCountry "RUS"]
[SourceTitle "EXT 2013"]
[Source "ChessBase"]
[SourceDate "2012.11.22"]
[SourceVersion "1"]
[SourceVersionDate "2012.11.22"]
[SourceQuality "1"]

1. e4 e6 2. d4 d5 3. Nc3 Nf6 4. Bg5 Be7 5. Bxf6 Bxf6 6. Nf3 b6 7. exd5 exd5 8. Qd2 Bb7 9. 0-0-0 0-0 10. h4 Qd6 11. g4 c5 12. g5 Bxd4 13. Nxd4 cxd4 14. Nb5 Qc5 15. Nxd4 Rc8 16. Bd3 Nc6 17. Nb3 Qd6 18. h5 Ne5 19. Kb1 Nf3 20. Bxh7+ Kh8 21. Qe2 Nxg5 22. Bf5 Rc4 23. Rhe1 Qf8 24. Rd4 b5 25. f4 Nh7 26. Qe7 Bc6 27. Bd3 Rxd4 28. Nxd4 Re8 29. Qxf8+ Nxf8 30. Rxe8 Bxe8 31. f5 a6 32. Kc1 Nd7 33. Kd2 Kg8 34. Ke3 Kf8 35. Be2 Nf6 36. Bf3 Ke7 37. Kf4 Kd6 38. b4 Nd7 39. Nb3 f6 40. Be2 1/2-1/2